<?xml version="1.0" encoding="UTF-8"?>
<record
    xmlns:xsi="http://www.w3.org/2001/XMLSchema-instance"
    xsi:schemaLocation="http://www.loc.gov/MARC21/slim http://www.loc.gov/standards/marcxml/schema/MARC21slim.xsd"
    xmlns="http://www.loc.gov/MARC21/slim">

  <leader>00773nam a22001937a 4500</leader>
  <datafield tag="999" ind1=" " ind2=" ">
    <subfield code="c">16943</subfield>
    <subfield code="d">16943</subfield>
  </datafield>
  <controlfield tag="003">OSt</controlfield>
  <controlfield tag="005">20260428114955.0</controlfield>
  <controlfield tag="008">170421t        xxu||||| |||| 00| 0 eng d</controlfield>
  <datafield tag="040" ind1=" " ind2=" ">
    <subfield code="a">BSHUA</subfield>
    <subfield code="b">Shqip</subfield>
    <subfield code="c">BSHUA</subfield>
  </datafield>
  <datafield tag="082" ind1=" " ind2=" ">
    <subfield code="b">787.3/Feu.</subfield>
  </datafield>
  <datafield tag="100" ind1=" " ind2=" ">
    <subfield code="a">Feuillard, Louis R. ;</subfield>
  </datafield>
  <datafield tag="245" ind1=" " ind2=" ">
    <subfield code="a">Tagliche Ubungen = Exercices journaliers = Daily Exercises fur Violoncello</subfield>
  </datafield>
  <datafield tag="260" ind1=" " ind2=" ">
    <subfield code="a">Mainz :</subfield>
    <subfield code="b">B.Schott's Sohne ,</subfield>
    <subfield code="c">1919 .</subfield>
  </datafield>
  <datafield tag="300" ind1=" " ind2=" ">
    <subfield code="c">30 cm. .                                                                                     </subfield>
    <subfield code="g">43 f. : me nota ;</subfield>
  </datafield>
  <datafield tag="653" ind1=" " ind2=" ">
    <subfield code="a">Part solo - </subfield>
    <subfield code="a">Muzika boterore - Muzika franceze - </subfield>
    <subfield code="a">Muzike per violincel - Ushtrime - </subfield>
    <subfield code="a">Ushtrime per violincel solo - </subfield>
    <subfield code="a">Kompozitoret franceze - Luis R Feuillard.</subfield>
  </datafield>
  <datafield tag="856" ind1=" " ind2=" ">
    <subfield code="y">Fulltext</subfield>
  </datafield>
  <datafield tag="942" ind1=" " ind2=" ">
    <subfield code="2">udc</subfield>
    <subfield code="c">PART</subfield>
  </datafield>
  <datafield tag="953" ind1=" " ind2=" ">
    <subfield code="a">0</subfield>
  </datafield>
  <datafield tag="952" ind1=" " ind2=" ">
    <subfield code="0">0</subfield>
    <subfield code="1">0</subfield>
    <subfield code="2">udc</subfield>
    <subfield code="4">0</subfield>
    <subfield code="7">0</subfield>
    <subfield code="a">UArtLib2</subfield>
    <subfield code="b">UArtLib2</subfield>
    <subfield code="d">2018-09-25</subfield>
    <subfield code="g">750.00</subfield>
    <subfield code="o">787.3/Feu.</subfield>
    <subfield code="p">46691</subfield>
    <subfield code="r">2018-09-25</subfield>
    <subfield code="w">2018-09-25</subfield>
    <subfield code="y">SCORE</subfield>
  </datafield>
  <datafield tag="952" ind1=" " ind2=" ">
    <subfield code="0">0</subfield>
    <subfield code="1">0</subfield>
    <subfield code="2">udc</subfield>
    <subfield code="4">0</subfield>
    <subfield code="7">0</subfield>
    <subfield code="a">UArtLib2</subfield>
    <subfield code="b">UArtLib2</subfield>
    <subfield code="d">2026-04-28</subfield>
    <subfield code="g">300.00</subfield>
    <subfield code="o">787.3/Feu.</subfield>
    <subfield code="p">68497</subfield>
    <subfield code="r">2026-04-28</subfield>
    <subfield code="w">2026-04-28</subfield>
    <subfield code="y">PART</subfield>
  </datafield>
</record>
